Larousse diccionario general español/inglés, english/spanish (Registro nro. 2942)

Detalles MARC
000 -CABECERA
Campo de control 00676nam a2200229 a 4500
005 - FECHA Y HORA DE LA ULTIMA TRANSACCION
Campo de control 20180803165042.0
008 - ELEMENTOS DE LONGITUD FIJA—INFORMACION GENERAL
Campo de control 160819b xxu||||| |||| 00| 0 spa d
040 ## - FUENTE DE CATALOGACIÓN
Agencia catalogadora original CO-BoIAVH
Agencia transcriptora CO-BoIAVH
041 ## - IDIOMA
Código de idioma para texto/pista de sonido o título separado Español
Código de idioma de la versión original y/o traducciones intermedias del texto Inglés
090 ## - CLASIFICACIÓN LOCAL
Colección RE
Consecutivo 00025
245 ## - MENCION DE TITULO
Título Larousse diccionario general español/inglés, english/spanish
260 ## - PUBLICACION, DISTRIBUCION, ETC. (PIE DE IMPRENTA)
Lugar de publicación, distribución, etc. México
Nombre del editor, distribuidor, etc. Ediciones Larousse
Fecha de publicación, distribución, etc. 2001
300 ## - DESCRIPCION FISICA
Extensión [980 p.]
650 ## - ASIENTO SECUNDARIO DE MATERIA - TERMINO TEMATICO
Término temático o nombre geográfico como elemento de entrada Diccionarios
9 (RLIN) 92264
650 ## - ASIENTO SECUNDARIO DE MATERIA - TERMINO TEMATICO
Término temático o nombre geográfico como elemento de entrada Lengua inglesa
9 (RLIN) 74540
650 ## - ASIENTO SECUNDARIO DE MATERIA - TERMINO TEMATICO
Término temático o nombre geográfico como elemento de entrada Lengua española
9 (RLIN) 92285
650 ## - ASIENTO SECUNDARIO DE MATERIA - TERMINO TEMATICO
Término temático o nombre geográfico como elemento de entrada Gramática española
9 (RLIN) 74542
650 ## - ASIENTO SECUNDARIO DE MATERIA - TERMINO TEMATICO
Término temático o nombre geográfico como elemento de entrada Gramática inglesa
9 (RLIN) 74543
700 ## - ASIENTO SECUNDARIO - NOMBRE PERSONAL
Nombre personal Blasco, Joaquín
9 (RLIN) 74544
700 ## - ASIENTO SECUNDARIO - NOMBRE PERSONAL
Nombre personal et al.
9 (RLIN) 74545
942 ## - ELEMENTOS ADICIONALES (KOHA)
Tipo de ítem Impreso
Sistema de clasificación Dewey Decimal Classification
Existencias
Withdrawn status Lost status Sistema de Clasificación Damaged status No para préstamo Colección Inventariado Ubicación Permanente Ubicación actual Fecha de adquisición Fuente de Valor Valor Total Checkouts Número topográfico Inventario / Código de Barras Date last seen Ejemplar Price effective from Forma de adquisición Tipo de material
    Local     Referencia Inventariado 2017 Bogotá Bogotá 20/09/2002 Instituto 39000.00   RE-00025 005462 04/12/2012 Ej.1 04/12/2012 Compra Referencia
    Local     Referencia Inventariado 2017 Bogotá Bogotá 20/09/2002 Instituto 39000.00   RE-00025 018056 04/12/2012 Ej.2 04/12/2012 Compra Referencia